000 00925nam a2200289Ia 4500
003 OSt
005 20221005092611.0
006 a|||||r|||| 00| 0
007 ta
008 221004b |||||||| |||| 00| 0 eng d
020 _a0415931118 (pbk)
_cUKP 39.99
024 _a68417
037 _b066, 04/03/2021, Classic Book Service
_cTextual
040 _aCRL
_cCRL
_beng
041 _2eng
_aeng
082 _aY:45:(W), P2
100 _aWorcester Kenton Ed.
245 0 _aViolence and politics
_b globalization's paradox
260 _aNew York
_bRoutledge USA
_c2002
300 _avi,250p.
_ccm.
650 _a VIOLENCE
650 _aPOLITICAL SCIENCE
700 _a Bermanzohn Sally Avery Ed.
700 _a Ungar Mark Ed.
942 _hY:45:(W), P2
_cTEXL
_2cc
999 _c999104
_d999104